Abrahamische Lauber-Hütt : Ein Tisch mit Speisen in der Mitt, Welche Hütte nicht leeres Laub und Blat, sondern viel herrliche Früchte hat. Denen Juden zum Trutz, denen Christen zum Nutz, an- und aufgerichtet, Wie auch mit vielen auserlesenen so wohl Biblischen als andern sinnreichen Concepten, Geschichten und Gedichten geziert und ausspallirt von hinterlassenen Schrifften. [Erster Theil] /

Hlavní autor: Abraham a Sancta Clara, 1644-1709
Další autoři: Alexander, a Latere Christi, činný 1717
Jazyk: Němčina
Vydáno: Wienn ; und Nürnberg : Verlegts Georg Lehmann, 1721
Témata:
Fyzický popis: [12], 473, [37] s., [1] příl. ; 4°
Knihy
Uloženo v:
LEADER 01792nam a22003137a 4500
001 mzk03001214585
003 CZ BrMZK
005 20150608153327.0
007 ta
008 050520s1721 au fr|||||00| ||gerod
040 |a BOA001  |b cze  |c BOA001 
072 7 |a 094  |x Staré tisky  |2 Konspekt  |9 12 
080 |a (0.068)094  |2 MRF 
100 0 |a Abraham a Sancta Clara,  |d 1644-1709  |7 jn19981000004  |4 aut 
245 1 0 |a Abrahamische Lauber-Hütt :  |b Ein Tisch mit Speisen in der Mitt, Welche Hütte nicht leeres Laub und Blat, sondern viel herrliche Früchte hat. Denen Juden zum Trutz, denen Christen zum Nutz, an- und aufgerichtet, Wie auch mit vielen auserlesenen so wohl Biblischen als andern sinnreichen Concepten, Geschichten und Gedichten geziert und ausspallirt von hinterlassenen Schrifften.  |n [Erster Theil] /  |c Der Durch das Christliche Europam sehr belobten und beliebten Feder Ihro Wohl-Ehrwürden Patris Abrahami a S. Clara seel. Augustiner Barfüsser-Ordens, Weyland Ihro Römischen Kayserl. Majestät Predigern zusammen getragen, Nunmehro auf dem Schau-Platz des offentlichen Drucks vorgestellet von weyland P. Fr. Alexandro a Latere Christi, dessen Ordens, der Zeit Priore des Convents der Wunderthätigen Gnaden-Bildnus Mariä-Stern in Täxa 
260 |a Wienn ;  |a und Nürnberg :  |b Verlegts Georg Lehmann,  |c 1721 
300 |a [12], 473, [37] s., [1] příl. ;  |c 4° 
561 |a Provenience: Ex lib. P. M. Lazari 
655 7 |a staré tisky  |7 fd422076  |2 czenas 
700 0 |a Alexander,  |c a Latere Christi,  |d činný 1717  |7 hka2010570785  |4 pbl 
903 |a RP 
910 |a BOE452  |b Mn 
978 |b Lehmann, Georg  |a Nürnberg  |c 1721 
978 |b Lehmann, Georg  |a Wien  |c 1721 
984 |a Norimberk  |b Německo 
984 |a Vídeň  |b Rakousko 
985 |a 1701-1750 
990 |a BK 
991 |k minorite